[Event "Banska Stiavnica V4 op"]
[Site "Banska Stiavnica"]
[Date "2018.07.07"]
[Round "1"]
[White "Seres, Bela"]
[Black "Urhegyi, Ferenc"]
[Result "1-0"]
[WhiteElo "2212"]
[BlackElo "1851"]
[PlyCount "61"]
[EventDate "2018.07.07"]
[EventType "swiss"]
[EventRounds "9"]
[EventCountry "SVK"]
[SourceTitle "CBM 185 Extra"]
[Source "ChessBase"]
[SourceDate "2018.07.29"]
[SourceVersion "1"]
[SourceVersionDate "2018.07.29"]
[SourceQuality "1"]

1. e4 e6 2. d4 b6 3. Bd3 Bb7 4. Ne2 Nf6 5. Ng3 Be7 6. e5 Nd5 7. a3 Bg5 8. Be4 Bxc1 9. Qxc1 Nc6 10. c4 Nde7 11. 0-0 Na5 12. Bxb7 Nxb7 13. b4 d5 14. c5 c6 15. Nc3 bxc5 16. bxc5 0-0 17. f4 Na5 18. Ra2 Nc4 19. f5 exf5 20. Nxf5 Nxf5 21. Rxf5 Qh4 22. Rf4 Qg5 23. Raf2 Rab8 24. h3 Qh6 25. Kh2 Rb7 26. R2f3 Rb2 27. Nd1 Rb7 28. Nf2 Qg6 29. Rg4 Qe6 30. Rf6 Qe7 31. Qh6 1-0

[Event "SVK-chT2C 1617"]
[Site "Slovakia"]
[Date "2017.01.21"]
[Round "7.8"]
[White "Mikulec, Martin"]
[Black "Urhegyi, Ferenc"]
[Result "1-0"]
[WhiteElo "1856"]
[BlackElo "1887"]
[PlyCount "103"]
[EventDate "2016.10.08"]
[EventType "team-tourn"]
[EventRounds "11"]
[EventCountry "SVK"]
[SourceTitle "EXT 2018"]
[Source "ChessBase"]
[SourceDate "2017.10.13"]
[SourceVersion "1"]
[SourceVersionDate "2017.10.13"]
[SourceQuality "1"]
[WhiteTeam "Banska Bystrica Veza"]
[BlackTeam "Cebovce"]
[WhiteTeamCountry "SVK"]
[BlackTeamCountry "SVK"]

1. e4 c5 2. Nf3 d6 3. d4 cxd4 4. Qxd4 a6 5. c4 Nc6 6. Qe3 g6 7. Be2 Bg7 8. 0-0 Nf6 9. h3 0-0 10. Rd1 Bd7 11. Nc3 Qc7 12. Rb1 Rfd8 13. b3 Be8 14. Bb2 Rab8 15. Nd5 Nxd5 16. cxd5 Ne5 17. Nxe5 Bxe5 18. Bxe5 dxe5 19. Rbc1 Qd6 20. Rc2 Rbc8 21. Rdc1 Bd7 22. a4 Rxc2 23. Rxc2 Rc8 24. Rxc8+ Bxc8 25. Qc3 Bd7 26. a5 e6 27. Bc4 Qc7 28. Qb4 exd5 29. exd5 Kg7 30. Qe7 Qc8 31. Qxe5+ Kg8 32. Qe7 Be8 33. d6 Qc6 34. d7 Qxd7 35. Bxf7+ Kg7 36. Qxe8 Qxf7 37. Qe5+ Kf8 38. b4 Kg8 39. b5 axb5 40. Qxb5 Qc7 41. Qb6 Qxb6 42. axb6 Kf7 43. f4 Ke6 44. g4 Kd5 45. Kf2 Ke4 46. Kg3 h6 47. h4 Kd5 48. Kf3 Kd4 49. f5 gxf5 50. gxf5 Ke5 51. Kg4 Kf6 52. Kf4 1-0

[Event "SVK-chT2C 1617"]
[Site "Slovakia"]
[Date "2016.12.03"]
[Round "5.7"]
[White "Urhegyi, Ferenc"]
[Black "Frink, Ferenc"]
[Result "1/2-1/2"]
[WhiteElo "1887"]
[BlackElo "2090"]
[PlyCount "91"]
[EventDate "2016.10.08"]
[EventType "team-tourn"]
[EventRounds "11"]
[EventCountry "SVK"]
[SourceTitle "EXT 2018"]
[Source "ChessBase"]
[SourceDate "2017.10.13"]
[SourceVersion "1"]
[SourceVersionDate "2017.10.13"]
[SourceQuality "1"]
[WhiteTeam "Cebovce"]
[BlackTeam "Filakovo"]
[WhiteTeamCountry "SVK"]
[BlackTeamCountry "SVK"]

1. e4 Nc6 2. d4 e6 3. Nf3 d6 4. Bb5 Bd7 5. 0-0 Be7 6. e5 dxe5 7. Bxc6 Bxc6 8. Nxe5 Bf6 9. Nxc6 bxc6 10. c3 Ne7 11. Nd2 Qd5 12. Re1 0-0 13. Ne4 Kh8 14. Qf3 Nf5 15. Qf4 Nh4 16. g3 e5 17. Qg4 Ng6 18. Nxf6 gxf6 19. Bh6 Rg8 20. Qf5 Qe6 21. Qxe6 fxe6 22. Kf1 Rab8 23. b3 Rgd8 24. dxe5 Nxe5 25. Bf4 Rd5 26. Bxe5 fxe5 27. Re2 Rf8 28. Rae1 Rf5 29. Re4 Kg7 30. Rc4 Ra5 31. Re2 Ra6 32. a4 Kf6 33. Ree4 h5 34. h4 Ke7 35. Ke2 Kd6 36. f3 Rf8 37. g4 Rb8 38. Rb4 Rab6 39. Ke3 a5 40. Rxb6 cxb6 41. g5 b5 42. f4 exf4+ 43. Rxf4 Ke5 44. Re4+ Kf5 45. Rf4+ Ke5 46. Re4+ 1/2-1/2

[Event "SVK-chT2C 1617"]
[Site "Slovakia"]
[Date "2016.11.05"]
[Round "3.7"]
[White "Urhegyi, Ferenc"]
[Black "Rysian, Jozef"]
[Result "1-0"]
[WhiteElo "1887"]
[BlackElo "1947"]
[PlyCount "85"]
[EventDate "2016.10.08"]
[EventType "team-tourn"]
[EventRounds "11"]
[EventCountry "SVK"]
[SourceTitle "CBM 175 Extra"]
[Source "ChessBase"]
[SourceDate "2016.12.12"]
[SourceVersion "1"]
[SourceVersionDate "2016.12.12"]
[SourceQuality "1"]
[WhiteTeam "Cebovce"]
[BlackTeam "Podbrezova ZP Sport"]
[WhiteTeamCountry "SVK"]
[BlackTeamCountry "SVK"]

1. e4 e5 2. Nf3 Nc6 3. Bb5 Bc5 4. c3 Qf6 5. 0-0 Nge7 6. d4 Bb6 7. Bg5 Qe6 8. Bxe7 Qxe7 9. Bxc6 dxc6 10. Nxe5 0-0 11. Nd2 a6 12. h3 Be6 13. Qc2 Rad8 14. Nef3 c5 15. d5 Bc8 16. Rad1 Rfe8 17. Rfe1 Ba7 18. c4 h6 19. e5 Qd7 20. b3 Qf5 21. Qc3 b5 22. Ne4 f6 23. Ng3 Qg6 24. exf6 Qxf6 25. Qxf6 gxf6 26. Rxe8+ Rxe8 27. Re1 Rxe1+ 28. Nxe1 Bb6 29. Nd3 Kf7 30. Ne4 bxc4 31. bxc4 Bf5 32. Nexc5 Ke7 33. Kf1 c6 34. Ke2 cxd5 35. cxd5 a5 36. f3 Kd6 37. Ne4+ Kxd5 38. Nxf6+ Kd4 39. Nf4 Bd8 40. N6d5 Bh4 41. Ne3 Bd7 42. Kd2 Bg3 43. Ne2+ 1-0

[Event "SVK-chT2C 1516"]
[Site "Slovakia"]
[Date "2016.02.14"]
[Round "9.7"]
[White "Urhegyi, Ferenc"]
[Black "Tomcikova, Zuzana"]
[Result "1-0"]
[WhiteElo "1894"]
[BlackElo "1640"]
[PlyCount "145"]
[EventDate "2015.10.17"]
[EventType "team-tourn"]
[EventRounds "11"]
[EventCountry "SVK"]
[SourceTitle "EXT 2017"]
[Source "ChessBase"]
[SourceDate "2016.10.25"]
[SourceVersion "1"]
[SourceVersionDate "2016.10.25"]
[SourceQuality "1"]
[WhiteTeam "Cebovce"]
[BlackTeam "Rajecke Teplice"]
[WhiteTeamCountry "SVK"]
[BlackTeamCountry "SVK"]

1. e4 c6 2. d4 d5 3. exd5 cxd5 4. Bd3 Nc6 5. c3 Qc7 6. Ne2 Nf6 7. 0-0 Bg4 8. f3 Bd7 9. Bf4 e5 10. dxe5 Nxe5 11. Nd4 Bd6 12. Nb5 Qb6+ 13. Nd4 0-0 14. Qc2 Rfe8 15. Nd2 Nxd3 16. Bxd6 Bf5 17. Bg3 Bg6 18. N2b3 Nf4 19. Qd1 Nd3 20. Qd2 Re7 21. Bf2 Nxf2 22. Qxf2 Rae8 23. Rfe1 Nd7 24. Rxe7 Rxe7 25. Re1 Ne5 26. f4 Nc6 27. Rxe7 Nxe7 28. Qe2 Be4 29. Qb5 Qxb5 30. Nxb5 Nc8 31. Kf2 f5 32. g3 Kf7 33. Ke3 Ke7 34. Kd4 a6 35. Nc7 Nb6 36. Nc5 Nc4 37. Nxb7 Nxb2 38. Nxa6 Bb1 39. Nb4 Kd7 40. Nc5+ Kd6 41. a4 Be4 42. a5 Nc4 43. a6 Nb6 44. a7 h6 45. h4 Bf3 46. Nb7+ Kc7 47. Na5 Kd6 48. Nbc6 Be4 49. Ne5 Kc7 50. Kc5 Na4+ 51. Kb4 Nb6 52. Ng6 d4 53. cxd4 Nc8 54. Kc5 Nxa7 55. d5 Nc8 56. Nc4 Kd7 57. Nf8+ Ke8 58. Ne6 Kf7 59. Ne5+ Kf6 60. Nd7+ Ke7 61. Nb8 g6 62. Nc6+ Kf6 63. Nc7 Ne7 64. Nxe7 Kxe7 65. d6+ Kd7 66. Nd5 Bc2 67. Nf6+ Kd8 68. Kd5 Bb3+ 69. Ke5 Bf7 70. Nd5 Kd7 71. Nb6+ Kc6 72. d7 Kc7 73. Kf6 1-0

[Event "SVK-chT2C 1314"]
[Site "Slovakia"]
[Date "2013.11.24"]
[Round "4.8"]
[White "Urhegyi, Ferenc"]
[Black "Hlavac, Pavol"]
[Result "1/2-1/2"]
[WhiteElo "1946"]
[BlackElo "1725"]
[PlyCount "41"]
[EventDate "2013.10.19"]
[EventType "team-tourn"]
[EventRounds "11"]
[EventCountry "SVK"]
[SourceTitle "EXT 2015"]
[Source "ChessBase"]
[SourceDate "2014.11.20"]
[SourceVersion "1"]
[SourceVersionDate "2014.11.20"]
[SourceQuality "1"]
[WhiteTeam "Cebovce"]
[BlackTeam "Liptovska Stiavnica"]
[WhiteTeamCountry "SVK"]
[BlackTeamCountry "SVK"]

1. e4 d5 2. exd5 Nf6 3. d4 Nxd5 4. c4 Nb6 5. Nf3 g6 6. Be2 Bg7 7. 0-0 0-0 8. Nc3 Nc6 9. d5 Ne5 10. Nxe5 Bxe5 11. Bh6 Re8 12. Re1 e6 13. dxe6 Bxe6 14. Qxd8 Raxd8 15. c5 Nc4 16. Bxc4 Bxc4 17. Be3 c6 18. Rac1 f5 19. Bg5 Bxc3 20. bxc3 Rxe1+ 21. Rxe1 1/2-1/2

[Event "SVK-chT2C 1314"]
[Site "Slovakia"]
[Date "2013.10.19"]
[Round "1.7"]
[White "Adamciak, Tomas"]
[Black "Urhegyi, Ferenc"]
[Result "1-0"]
[WhiteElo "1844"]
[BlackElo "1946"]
[PlyCount "77"]
[EventDate "2013.10.19"]
[EventType "team-tourn"]
[EventRounds "11"]
[EventCountry "SVK"]
[SourceTitle "EXT 2015"]
[Source "ChessBase"]
[SourceDate "2014.11.20"]
[SourceVersion "1"]
[SourceVersionDate "2014.11.20"]
[SourceQuality "1"]
[WhiteTeam "Liptov Chess School II"]
[BlackTeam "Cebovce"]
[WhiteTeamCountry "SVK"]
[BlackTeamCountry "SVK"]

1. e4 c5 2. Nf3 d6 3. d4 cxd4 4. Nxd4 Nf6 5. Nc3 g6 6. Be3 Bg7 7. Bc4 0-0 8. Bb3 Nc6 9. f3 Bd7 10. Qd2 Rc8 11. g4 a5 12. h4 Nxd4 13. Bxd4 a4 14. Bxa4 Bxa4 15. Nxa4 Rc4 16. Bb6 Qc8 17. Nc3 Qc6 18. Be3 Nxg4 19. Nd5 Kh8 20. fxg4 e6 21. Nc3 Rxc3 22. bxc3 Qxe4 23. 0-0 Qxg4+ 24. Qg2 Qxh4 25. Bg5 Qc4 26. Bf6 Bxf6 27. Rxf6 Qxc3 28. Raf1 Qc5+ 29. R1f2 b6 30. Qg4 Kg8 31. Qf4 e5 32. Qf3 Qc7 33. Qd5 Qd7 34. Kh2 Qg4 35. Rxf7 Qh4+ 36. Kg1 Qg5+ 37. Kh1 Qh4+ 38. Rh2 Qe1+ 39. Rf1+ 1-0